| 000 -LEADER |
| fixed length control field |
03927cam a2200409 i 4500 |
| 001 - CONTROL NUMBER |
| control field |
21240724 |
| 005 - DATE AND TIME OF LATEST TRANSACTION |
| control field |
20240312090958.0 |
| 008 - FIXED-LENGTH DATA ELEMENTS--GENERAL INFORMATION |
| fixed length control field |
191011s2020 enk b 001 0 eng |
| 010 ## - LIBRARY OF CONGRESS CONTROL NUMBER |
| LC control number |
2019035523 |
| 020 ## - INTERNATIONAL STANDARD BOOK NUMBER |
| International Standard Book Number |
9780367182052 |
| Qualifying information |
(hardback) |
| 020 ## - INTERNATIONAL STANDARD BOOK NUMBER |
| International Standard Book Number |
9780367182069 |
| Qualifying information |
(paperback) |
| 020 ## - INTERNATIONAL STANDARD BOOK NUMBER |
| Canceled/invalid ISBN |
9780429060090 |
| Qualifying information |
(ebook) |
| 040 ## - CATALOGING SOURCE |
| Original cataloging agency |
DLC |
| Language of cataloging |
eng |
| Description conventions |
rda |
| Transcribing agency |
DLC d DLC |
| 042 ## - AUTHENTICATION CODE |
| Authentication code |
pcc |
| 050 00 - LIBRARY OF CONGRESS CALL NUMBER |
| Classification number |
P94.6 |
| Item number |
.C6875 2020 |
| 082 00 - DEWEY DECIMAL CLASSIFICATION NUMBER |
| Classification number |
302.23 |
| Author Mark |
COU |
| 100 1# - MAIN ENTRY--PERSONAL NAME |
| Personal name |
Couldry, Nick, |
| Relator term |
author. |
| 9 (RLIN) |
122092 |
| 240 10 - UNIFORM TITLE |
| Uniform title |
Essays. |
| Form subheading |
Selections |
| 245 00 - TITLE STATEMENT |
| Title |
Media voice space and power : |
| Remainder of title |
essays in refraction / |
| Statement of responsibility, etc. |
Nick Couldry. |
| 264 #1 - PRODUCTION, PUBLICATION, DISTRIBUTION, MANUFACTURE, AND COPYRIGHT NOTICE |
| Place of production, publication, distribution, manufacture |
Abingdon, Oxon ; |
| -- |
New York : |
| Name of producer, publisher, distributor, manufacturer |
Routledge, |
| Date of production, publication, distribution, manufacture, or copyright notice |
2020. |
| 300 ## - PHYSICAL DESCRIPTION |
| Extent |
pages cm |
| 336 ## - CONTENT TYPE |
| Content type term |
text |
| Content type code |
txt |
| Source |
rdacontent |
| 337 ## - MEDIA TYPE |
| Media type term |
unmediated |
| Media type code |
n |
| Source |
rdamedia |
| 338 ## - CARRIER TYPE |
| Carrier type term |
volume |
| Carrier type code |
nc |
| Source |
rdacarrier |
| 504 ## - BIBLIOGRAPHY, ETC. NOTE |
| Bibliography, etc. note |
Includes bibliographical references and index. |
| 505 0# - FORMATTED CONTENTS NOTE |
| Formatted contents note |
Preface: Analysis without Sorting Hats - Jonathan Gray -- Part One SPEAKING UP AND SPEAKING OUT -- Speaking Up in a Public Space: The Strange Case of Rachel Whiteread's House -- Local Magics, Global Discretion -- Speaking about Others and Speaking Personally: Reflections after Elspeth Probyn's Sexing the Self -- The Individual "Point of View": Learning from Bourdieu's The Weight of the World -- Part Two SPACES OF MEDIA, SPACES OF EXCLUSION -- Remembering Diana: The Geography of Celebrity and the Politics of Lack -- Passing Ethnographies: Rethinking the Sites of Agency and Reflexivity in a Mediated World -- The Umbrella Man: Crossing a Landscape of Speech and Silence -- On the Set of the Sopranos: "Inside" a Fan's construction of Nearness -- Teaching Us to Fake It: The Ritualised Norms of Television's "Reality" Games -- Class and Contemporary Forms of "Reality" Production Or, Hidden Injuries of Class -- Part Three: DEMOCRACY'S UNCERTAIN FUTURES -- Form and Power in an Age of Continuous Spectacle -- Living Well with and through Media -- What and Where is the Transnationalized Public Sphere? -- A Necessary Disenchantment: Myth, Agency and Injustice in the Digital Age -- Media in Modernity: A Nice Derangement of Institutions -- Afterword: Refracting Power in an Age of Big Data - Nick Couldry |
| 520 ## - SUMMARY, ETC. |
| Summary, etc. |
"Nick Couldry is one of the world's leading analysts of media power and voice, and has been publishing widely for 25 years. This volume, published 20 years after The Place of Media Power, brings together a rich collection of essays from his earliest to his latest writings, some of them hard to access, plus two previously unpublished chapters. The book's 15 chapters cover a variety of themes from voice to space, from Big Data to democracy, from art to reality television. Taken together, they give a unique insight into the range of Couldry's interests and passions. Throughout, Couldry's commitment to connecting media research to wider debates in philosophy and social theory is clear. A substantial Afterword reflects on the common themes that run throughout his work and this volume, and the particular challenges of grasping media's contribution to social order in an age of datafication. A preface by leading US media scholar Jonathan Gray sets these essays in context. The result is an exciting and clearly-written text that will interest students and researchers of media, culture and social theory across the world"-- |
| Assigning source |
Provided by publisher. |
| 650 #0 - SUBJECT ADDED ENTRY--TOPICAL TERM |
| Topical term or geographic name entry element |
Mass media and culture. |
| 9 (RLIN) |
11397 |
| 650 #0 - SUBJECT ADDED ENTRY--TOPICAL TERM |
| Topical term or geographic name entry element |
Mass media |
| General subdivision |
Influence. |
| 9 (RLIN) |
122093 |
| 650 #0 - SUBJECT ADDED ENTRY--TOPICAL TERM |
| Topical term or geographic name entry element |
Mass media |
| General subdivision |
Social aspects. |
| 9 (RLIN) |
119420 |
| 650 #0 - SUBJECT ADDED ENTRY--TOPICAL TERM |
| Topical term or geographic name entry element |
Mass media |
| General subdivision |
Moral and ethical aspects. |
| 9 (RLIN) |
122094 |
| 776 08 - ADDITIONAL PHYSICAL FORM ENTRY |
| Relationship information |
Online version : |
| Main entry heading |
Couldry, Nick |
| Title |
Media voice space and power |
| Place, publisher, and date of publication |
New York : Routledge, 2020. |
| International Standard Book Number |
9780429060090 |
| Record control number |
(DLC) 2019035524 |
| 856 ## - ELECTRONIC LOCATION AND ACCESS |
| Uniform Resource Identifier |
<a href="http://10.250.8.41:8080/xmlui/handle/123456789/42546">http://10.250.8.41:8080/xmlui/handle/123456789/42546</a> |
| 906 ## - LOCAL DATA ELEMENT F, LDF (RLIN) |
| a |
7 |
| b |
cbc |
| c |
orignew |
| d |
1 |
| e |
ecip |
| f |
20 |
| g |
y-gencatlg |
| 942 ## - ADDED ENTRY ELEMENTS (KOHA) |
| Source of classification or shelving scheme |
|
| Koha item type |
Book |